000 00413nam a2200145Ia 4500
008 100204s9999 xx 000 0 und d
082 _b9572
100 _aदेसाई रणजित
245 _aअभोगी
260 _b"अजब पुस्तकालय, कोल्हापूर"
_c1987
300 _a244
630 _aअभोगी
730 _aअभोगी
942 _cBOOK
999 _c454008
_d454005